The retreat of democracy and other itinerant essays on globalization, economics and India/ (Record no. 7957)

MARC details
000 -LEADER
fixed length control field 00594 a2200181 4500
010 ## - LCCN (DPL NO)
LC control number ENG-88270
020 ## - INTERNATIONAL STANDARD BOOK NUMBER
International Standard Book Number 8178241919
Terms of availability 450.00
035 ## - SYSTEM CONTROL NUMBER
System control number EN-71803
037 ## - SOURCE OF ACQUISITION
Source of stock number/acquisition DBAD / PUB
082 14 - DEWEY DECIMAL CLASSIFICATION NUMBER
Classification number 337
100 1# - MAIN ENTRY--PERSONAL NAME
Personal name Basu, Kaushik
245 1# - TITLE STATEMENT
Title The retreat of democracy and other itinerant essays on globalization, economics and India/
Statement of responsibility, etc by Kaushik Basu
260 ## - PUBLICATION, DISTRIBUTION, ETC. (IMPRINT)
Place of publication, distribution, etc Delhi
Name of publisher, distributor, etc Permanent Black
Date of publication, distribution, etc 2007
270 ## - ADDRESS
Address D-28, Oxford Apartments, 11, I.P.Extension,
City Delhi
State or province 110 092
300 ## - PHYSICAL DESCRIPTION
Extent ix, 279 p.
Dimensions 21cm (Hb.)
500 ## - GENERAL NOTE
General note Includes Index
942 ## - ADDED ENTRY ELEMENTS (KOHA)
Institution code [OBSOLETE] dpl
Item type English Books
Source of classification or shelving scheme Dewey Decimal Classification
Classification part 337
Call number suffix BAS
Holdings
Withdrawn status Lost status Not for loan Collection code Home library Current library Source of acquisition Cost, normal purchase price Full call number Barcode Copy number Cost, replacement price Koha item type
    Not For Loan Non-fiction D.B.Act.Division D.B.Act.Division DBAD/PUB 450.00 337 BAS EN-71803 1 450.00 English Books

© Delhi Public Library
Hit Counter
free hit counter